El megalitismo en la Península Ibérica / (Record no. 171897)

MARC details
000 -LEADER
campo de control de longitud fija 00833nam a22002175i 4500
001 - NÚMERO DE CONTROL
campo de control 171897
003 - IDENTIFICADOR DE NÚMERO DE CONTROL
campo de control ES-MaACL
005 - FECHA Y HORA DE LA ÚLTIMA TRANSACCIÓN
campo de control 20230906214747.0
008 - DATOS DE LONGITUD FIJA--INFORMACIÓN GENERAL
campo de control de longitud fija 090605s1987 sp |||| | spa d
020 ## - NÚMERO INTERNACIONAL ESTÁNDAR DEL LIBRO
Número Internacional Estándar del Libro 84-505-6553-7
080 ## - NÚMERO DE LA CLASIFICACIÓN DECIMAL UNIVERSAL
Número de la Clasificación Decimal Universal 903.53(460)
245 03 - MENCIÓN DEL TÍTULO
Título El megalitismo en la Península Ibérica /
Mención de responsabilidad, etc. [por José Ferrer Palma.. [et al.] ; introducción por Germán Delibes de Castro].
250 ## - MENCION DE EDICION
Mención de edición 1ª ed.
260 ## - PUBLICACIÓN, DISTRIBUCIÓN, ETC.
Lugar de publicación, distribución, etc. Madrid :
Nombre del editor, distribuidor, etc. Ministerio de Cultura, Subdirección General de Arqueología y Etnología,
Fecha de publicación, distribución, etc. 1987.
300 ## - DESCRIPCIÓN FÍSICA
Extensión 245 p. :
Otras características físicas il. ;
Dimensiones 26 cm.
650 14 - PUNTO DE ACCESO ADICIONAL DE MATERIA--TÉRMINO DE MATERIA
Término de materia o nombre geográfico como elemento de entrada Monumentos megalíticos-
Subdivisión geográfica España.
9 (RLIN) 140521
700 1# - ENTRADA AGREGADA--NOMBRE PERSONAL
Nombre de persona Ferrer Palma, José.
9 (RLIN) 140522
700 1# - ENTRADA AGREGADA--NOMBRE PERSONAL
Nombre de persona Delibes de Castro, Germán.
9 (RLIN) 140523
710 1# - ENTRADA AGREGADA--NOMBRE DE ENTIDAD CORPORATIVA
Nombre de entidad corporativa o nombre de jurisdicción como elemento de entrada España.
Unidad subordinada Subdirección General de Arqueología y Etnografía.
9 (RLIN) 3710
852 ## - LOCALIZACIÓN
Ubicación ES-MaACL
Número de control de estantería G-13331
Holdings
Estatus retirado Estado de pérdida Estado de daño No para préstamo Biblioteca de origen Biblioteca actual Ubicación en estantería Fecha de adquisición Fuente de adquisición Total de préstamos Signatura topográfica completa Código de barras Visto por última vez Precio de reemplazo Tipo de ítem Koha
        Biblioteca del Ateneo de Madrid Biblioteca del Ateneo de Madrid Sala Pecera Planta 3 05/06/2009     G-13331 1180401 23/02/2023 23/02/2023 Libro impreso